[Event "POL Olympiad U14"]
[Site "Drzonkow"]
[Date "2017.04.07"]
[Round "8"]
[White "Paprocki, Stanislaw"]
[Black "Mike, Patryk"]
[Result "1/2-1/2"]
[WhiteElo "1731"]
[BlackElo "1849"]
[PlyCount "127"]
[EventDate "2017.04.02"]
[EventType "swiss"]
[EventRounds "9"]
[EventCountry "POL"]
[SourceTitle "EXT 2020"]
[Source "ChessBase"]
[SourceDate "2019.10.17"]
[SourceVersion "1"]
[SourceVersionDate "2019.10.17"]
[SourceQuality "1"]

1. e4 e5 2. Nf3 Nc6 3. Bc4 Bc5 4. d3 Nf6 5. c3 d6 6. Bb3 a6 7. Nbd2 Ba7 8. Nf1 Ne7 9. Ng3 Ng6 10. 0-0 0-0 11. Re1 c6 12. h3 h6 13. Nf5 Bxf5 14. exf5 Ne7 15. g4 Qd7 16. Kg2 Ned5 17. c4 Nc7 18. Nd2 Bd4 19. Ne4 Nxe4 20. dxe4 Qe7 21. g5 hxg5 22. Qg4 f6 23. c5+ d5 24. exd5 Qxc5 25. dxc6+ Nd5 26. cxb7 Rab8 27. Qe4 Rfd8 28. Be3 Kh7 29. Rac1 Qb5 30. Rc8 Qxb7 31. Rxb8 Nxe3+ 32. Rxe3 Qxe4+ 33. Rxe4 Rxb8 34. Re2 a5 35. Kf3 Rb4 36. Rc2 Rb8 37. Kg3 Bxb2 38. Rxb2 a4 39. f3 axb3 40. axb3 Rb4 41. Rb1 g6 42. fxg6+ Kxg6 43. Rb2 Kh5 44. Rb1 Kg6 45. Rb2 Kf5 46. Rb1 Ke6 47. Rb2 Kd5 48. Rd2+ Ke6 49. Rd3 f5 50. Rc3 Kd5 51. Rd3+ Kc5 52. Rd8 Rxb3 53. Rf8 f4+ 54. Kg4 e4 55. fxe4 Rg3+ 56. Kh5 Kd4 57. h4 Kxe4 58. hxg5 f3 59. g6 Ke3 60. Kh6 f2 61. Rxf2 Kxf2 62. g7 Kf3 63. Kh7 Rh3+ 64. Kg6 1/2-1/2